Statistics for Updated Top 5 Cities in West Virginia by Population

Click here to take the quiz!

General Stats

  • This quiz has been taken 48 times
  • The average score is 4 of 5

Answer Stats

CountyCity% Correct
KanawhaCharleston
96%
MonongaliaMorgantown
79%
CabellHuntington
75%
OhioWheeling
71%
WoodParkersburg
54%

Score Distribution

Percentile by Number Answered

Percent of People with Each Score

Your Score History

You have not taken this quiz